Código de comercio. Títulos de artículos del cuerpo del código y de las normas del apéndice, concordancias, historia de la ley, jurisprudencia, notas explicativas, índice temático
Gardado en:
| Outros autores: | |
|---|---|
| Formato: | Libro |
| Idioma: | Lingua castelá |
| Publicado: |
Santiago, Chile:
Legal Publishing; Thomson Reuters,
2016
|
| Series: | Códigos Profesionales 2016
|
| Subjects: | |
| Tags: |
Engadir etiqueta
Sen Etiquetas, Sexa o primeiro en etiquetar este rexistro!
|
MARC
| LEADER | 00000cam a2200000 a 4500 | ||
|---|---|---|---|
| 001 | UCD6800 | ||
| 003 | CL-VaPUC | ||
| 005 | 20250423143217.0 | ||
| 008 | 170119e20160000cl |||||||||||||||||spa|d | ||
| 999 | |c 366980 |d 366978 | ||
| 020 | |a 9789563468151 | ||
| 040 | |c Pontificia Universidad Católica de Valparaíso | ||
| 082 | 0 | 4 | |a 346.8307 DIA 2016 |2 21 |
| 100 | 1 | |9 490244 |a Díaz Villalobos, José Ignacio |e director | |
| 245 | 1 | 0 | |a Código de comercio. |b Títulos de artículos del cuerpo del código y de las normas del apéndice, concordancias, historia de la ley, jurisprudencia, notas explicativas, índice temático |
| 260 | |a Santiago, Chile: |b Legal Publishing; |b Thomson Reuters, |c 2016 | ||
| 300 | |a 2 tomos | ||
| 490 | 0 | |a Códigos Profesionales 2016 | |
| 583 | |a last modification |c 20170119 14:29:00 |k Rodrigo Vera | ||
| 650 | 0 | |a Derecho comercial chileno |9 430902 | |
| 650 | 0 | |a Código de comercio chileno |9 902335 | |
| 650 | 0 | |a Jurisprudencia mercantil |9 255548 | |
| 650 | 0 | |a Contratos y obligaciones |2 CL-VaPUC |9 549588 |z Chile | |
| 942 | |c BK |2 ddc | ||
| 945 | |d 20170119 14:29:00 |a arojas | ||
| 952 | |0 0 |1 0 |2 ddc |3 erb |4 0 |6 346_830700000000000_DIA_2016 |7 0 |8 F |9 481655 |a BIBDER |b BIBDER |h t.I |i 5360625 |l 2 |o 346.8307 DIA 2016 |p 5360625 |r 2025-03-26 |s 2025-03-26 |t 1 |w 2019-11-24 |y BK_F |z Catalogado en:20170119 |k DER | ||
| 952 | |0 0 |1 0 |2 ddc |3 erb |4 0 |6 346_830700000000000_DIA_2016 |7 0 |8 F |9 481656 |a BIBDER |b BIBDER |h t.II |i 5360633 |l 2 |o 346.8307 DIA 2016 |p 5360633 |r 2023-12-20 |s 2023-12-20 |t 1 |w 2019-11-24 |y BK_F |z Catalogado en:20170119 |k DER | ||